| 000 | 00707nam a2200217Ia 4500 | ||
|---|---|---|---|
| 003 | IN-BaIIA | ||
| 008 | 211028s9999 xx 000 0 eng d | ||
| 020 | _a0-7923-0257-5 | ||
| 040 | _cIIA Library | ||
| 080 |
_a082.2:52 _bIAU-S134 |
||
| 245 | 0 |
_aActive galactic nuclei _cedited by D. E. Osterbrock and J. S. Miller |
|
| 260 |
_aDordrecht _bKluwer Academic _c1989 |
||
| 300 | _axxxii, 592p. | ||
| 490 | _aIAU Symposium; no. 134 | ||
| 650 |
_aActive galactic nuclei _96209 |
||
| 650 | _aAstronomy and Astrophysics thesaurus | ||
| 650 |
_aGalactic nuclei _93453 |
||
| 700 |
_aMiller, J. S., ed. _916203 |
||
| 700 |
_aOsterbrock, D. E., ed. _95513 |
||
| 942 | _cBK | ||
| 999 |
_c9611 _d9611 |
||